LIBRARY ONLINE CATALOGUE

A Wall map of East Africa (Record no. 15066)

MARC details
000 -LEADER
fixed length control field 00675nem a22002291 4500
001 - CONTROL NUMBER
control field 0000008936
005 - DATE AND TIME OF LATEST TRANSACTION
control field 20151217161139.0
007 - PHYSICAL DESCRIPTION FIXED FIELD--GENERAL INFORMATION
fixed length control field aj cauun
008 - FIXED-LENGTH DATA ELEMENTS--GENERAL INFORMATION
fixed length control field 080623s xx a 0 eng d
020 ## - INTERNATIONAL STANDARD BOOK NUMBER
Terms of availability KES 560
034 0# - CODED CARTOGRAPHIC MATHEMATICAL DATA
Category of scale a
040 ## - CATALOGING SOURCE
Original cataloging agency KABU
Transcribing agency KABU
110 2# - MAIN ENTRY--CORPORATE NAME
Corporate name or jurisdiction name as entry element Tourist Maps (Kenya)
-- 0000159748
245 12 - TITLE STATEMENT
Title A Wall map of East Africa
Medium [map] /
Statement of responsibility, etc. Yourist Maps (K)
255 ## - CARTOGRAPHIC MATHEMATICAL DATA
Statement of scale Scale 1 : 1,750,000.
260 ## - PUBLICATION, DISTRIBUTION, ETC. (IMPRINT)
Place of publication, distribution, etc. Nairobi :
Name of publisher, distributor, etc. Yourist Maps (K),
Date of publication, distribution, etc. 1998.
300 ## - PHYSICAL DESCRIPTION
Extent 1 map :
Other physical details col ;
Dimensions 95x71 cm, folded to 26x13 cm.
651 #0 - SUBJECT ADDED ENTRY--GEOGRAPHIC NAME
Geographic name Africa, East
General subdivision Maps.
-- 0000159749
908 ## - PUT COMMAND PARAMETER (RLIN)
Put command parameter 080623
950 ## - LOCAL HOLDINGS (RLIN)
-- 1
Holdings
Withdrawn status Lost status Source of classification or shelving scheme Not for loan Home library Current library Date acquired Total Checkouts Full call number Barcode Date last seen Price effective from Koha item type
    Library of Congress Classification Not For Loan Kabarak, Main Campus Kabarak, Main Campus 17/12/2015   G8400 1998 .F1T68 c. 1 012329 17/12/2015 17/12/2015 Reference